Skin Biopsy in leprosy / (Record no. 117355)

MARC details
000 -LEADER
fixed length control field 00580nam a2200217 a 4500
008 - FIXED-LENGTH DATA ELEMENTS--GENERAL INFORMATION
fixed length control field
049 ## - LOCAL HOLDINGS (OCLC)
Holding library MAIN
090 ## - LOCALLY ASSIGNED LC-TYPE CALL NUMBER (OCLC); LOCAL CALL NUMBER (RLIN)
Classification number (OCLC) (R) ; Classification number, CALL (RLIN) (NR) RC158
Local cutter number (OCLC) ; Book number/undivided call number, CALL (RLIN) RID
003 - CONTROL NUMBER IDENTIFIER
control field
005 - DATE AND TIME OF LATEST TRANSACTION
control field 20230120204119.0
040 ## - CATALOGING SOURCE
Transcribing agency NUST
100 1# - MAIN ENTRY--PERSONAL NAME
Personal name Ridley, Dennis S.
245 10 - TITLE STATEMENT
Title Skin Biopsy in leprosy /
Statement of responsibility, etc. Dennis S. Ridley.
300 ## - PHYSICAL DESCRIPTION
Extent 2nd ed
300 ## - PHYSICAL DESCRIPTION
Extent 62p. :
Other physical details ill.(som. col.) ;
Dimensions 24cm.
500 ## - GENERAL NOTE
General note Incudes index.
504 ## - BIBLIOGRAPHY, ETC. NOTE
Bibliography, etc. note Includes bibliographical references.
650 #1 - SUBJECT ADDED ENTRY--TOPICAL TERM
Topical term or geographic name entry element leprosy.
907 ## - LOCAL DATA ELEMENT G, LDG (RLIN)
a .b10327629
b 18-03-13
c 20-02-13
942 ## - ADDED ENTRY ELEMENTS (KOHA)
Koha item type Ordinary Loan Books
Call number prefix RC158
Call number suffix RID
Holdings
Date last seen Total Checkouts Full call number Barcode Cost, replacement price Price effective from Koha item type Lost status Source of classification or shelving scheme Damaged status Not for loan Collection Withdrawn status Home library Current library Shelving location Date acquired Cost, normal purchase price
01/20/2023   RC158 RID 92004033030 80.00 01/20/2023 BOOKS   lcc     NFIC   Medical Medical GEN 01/20/2023 80.00